| 000 | 00347nam a22001337a 4500 | ||
|---|---|---|---|
| 005 | 20160405104705.0 | ||
| 008 | 070514s2007 nyua 001 0 eng | ||
| 020 | _a9780071482998 | ||
| 020 | _a0071482997 | ||
| 041 | _aeng | ||
| 080 | _a004.42 | ||
| 245 | 1 | 0 |
_aMicrosoft Office Word 2007 quicksteps / _cMarty Matthews, Carole Matthews. |
| 942 |
_2udc _cBK |
||
| 999 |
_c701 _d701 |
||